Wilderness Areas of California on a Map - Statistics

General Stats
  • This quiz has been taken 156 times
  • The average score is 9 of 169
Answers on the Map
Answers color-coded by a green-red scale on the quiz's map according to % correct below.
 
Answer Stats
Wilderness % Correct
Yosemite
88%
Death Valley
73%
Sequoia-Kings Canyon
68%
Joshua Tree
66%
Lassen Volcanic
34%
Mt. Shasta
34%
Mojave
33%
John Muir
23%
Trinity Alps
13%
Ansel Adams
12%
San Gabriel
12%
Siskiyou
12%
Imperial Refuge
11%
Carson-Iceberg
10%
Desolation
8%
Emigrant
8%
Farallon
8%
Golden Trout
8%
Hoover
8%
San Jacinto
8%
Ventana
8%
Yolla Bolly–Middle Eel
8%
White Mountains
7%
Lava Beds
6%
Marble Mountain
6%
Inyo Mountains
5%
San Gorgonio
5%
Havasu
4%
Kelso Dunes
4%
Mokelumne
4%
North Fork
4%
Red Buttes
4%
San Rafael
4%
Sespe
4%
South Sierra
4%
South Warner
4%
Agua Tibia
3%
Argus Range
3%
Beauty Mountain
3%
Bigelow Cholla Garden
3%
Bighorn Mountain
3%
Big Maria Mountains
3%
Bristol Mountains
3%
Cache Creek
3%
Cadiz Dunes
3%
Caribou
3%
Castle Crags
3%
Chimney Peak
3%
Chuckwalla Mountains
3%
Coso Range
3%
Darwin Falls
3%
Dick Smith
3%
El Paso Mountains
3%
Funeral Mountains
3%
Garcia
3%
Golden Valley
3%
Granite Mountain
3%
Grass Valley
3%
Great Falls Basin
3%
Hain
3%
Hauser
3%
Hollow Hills
3%
Ibex
3%
Ishi
3%
John Krebs
3%
Kaiser
3%
Kiavah
3%
King Range
3%
Kingston Range
3%
Little Picacho
3%
Machesna Mountain
3%
Magic Mountain
3%
Malpais Mesa
3%
Manly Peak
3%
Matilija
3%
Mecca Hills
3%
Monarch
3%
Nopah Range
3%
North Algodones Dunes
3%
North Mesquite Mountains
3%
Old Woman Mountains
3%
Otay Mountain
3%
Owens River Headwaters
3%
Palen-McCoy
3%
Phillip Burton
3%
Picacho Peak
3%
Pine Creek
3%
Pinto Mountains
3%
Piper Mountain
3%
Pleasant View Ridge
3%
Rice Valley
3%
Rodman Mountains
3%
Saddle Peak Hills
3%
San Mateo Canyon
3%
Santa Lucia
3%
Santa Rosa
3%
Sawtooth Mountains
3%
Sheephole Valley
3%
Sheep Mountain
3%
Silver Peak
3%
Snow Mountain
3%
South Fork Eel River
3%
Stepladder Mountains
3%
Sylvania Mountains
3%
Thousand Lakes
3%
Trilobite
3%
Turtle Mountains
3%
Yuki
3%
Avawatz Mountains
2%
Black Mountain
2%
Bucks Lake
2%
Buzzards Peak
2%
Carrizo Gorge
2%
Chumash
2%
Cleghorn Lakes
2%
Clipper Mountain
2%
Coyote Mountains
2%
Cucamonga
2%
Dead Mountains
2%
Dinkey Lakes
2%
Domeland
2%
Fish Creek Mountains
2%
Granite Chief
2%
Indian Pass
2%
Jacumba
2%
Jennie Lakes
2%
Little Chuckwalla Mountains
2%
Mesquite
2%
Mount Lassic
2%
Orocopia Mountains
2%
Owens Peak
2%
Pahrump Valley
2%
Palo Verde Mountains
2%
Piute Mountains
2%
Riverside Mountains
2%
Rocks and Islands
2%
Russian
2%
Sacatar Trail
2%
Soda Mountains
2%
South Fork San Jacinto
2%
South Nopah Range
2%
Stateline
2%
Surprise Canyon
2%
Whipple Mountains
2%
Bright Star
1%
Cahuilla Mountain
1%
Cedar Roughs
1%
Chanchelulla
1%
Chemehuevi Mountains
1%
Elkhorn Ridge
1%
Milpitas Wash
1%
Newberry Mountains
1%
Resting Spring Range
1%
Sanhedrin
1%
No matching quizzes found
Score Distribution
Percent of People with Each Score
Percentile by Number Answered
Your Score History
You have not taken this quiz